Weasley Family Quiz Stats

 Plays Quiz Updated Jan 18, 2012

Support Sporcle.
Go Orange.
Score 0/9 Timer 02:00
1 Play Today
Member Name % Correct
SonRon
99.5%
DaughterGinny
97.1%
Son (Twin)George
96.2%
Son (Twin)Fred
96.1%
SonPercy
92.1%
SonBill
84.4%
SonCharlie
81.9%
MotherMolly
79.9%
FatherArthur
78.9%

From the Vault

Ruined By A Letter: Movies (1960s)

by samc67

Movies 4m
We're pretty sure some movies get ruined by a little more than just a letter.
Remove Ads.
Support Sporcle.
Get the best of Sporcle when you Go Orange. This ad-free experience offers more features, more stats, and more fun while also helping to support Sporcle. Thank you for becoming a member.

Show Comments

Extras

Top Quizzes Today


Score Distribution

Your Account Isn't Verified!

In order to create a playlist on Sporcle, you need to verify the email address you used during registration. Go to your Sporcle Settings to finish the process.

Report this User

Report this user for behavior that violates our Community Guidelines.

Details: